Online
Catalog

Literatura peruana / (Record no. 4519)

MARC details
000 -CABECERA
campo de control de longitud fija 00851cam a2200229 a 4500
001 - NÚMERO DE CONTROL
campo de control 000004713
005 - FECHA Y HORA DE LA ÚLTIMA TRANSACCIÓN
campo de control 20200929151505.0
008 - DATOS DE LONGITUD FIJA--INFORMACIÓN GENERAL
campo de control de longitud fija 940523s1992 pe a b 000 0 spa d
035 ## - NÚMERO DE CONTROL DEL SISTEMA
Número de control de sistema (DLC) 94162347
040 ## - FUENTE DE LA CATALOGACIÓN
Centro catalogador/agencia de origen DO-SdBNP
Centro/agencia transcriptor DLC
Centro/agencia modificador BNPHU
082 ## - NÚMERO DE LA CLASIFICACIÓN DECIMAL DEWEY
Número de clasificación Pe860.9
Número de documento/Ítem T153L
049 ## - FONDOS LOCALES (OCLC)
Fondos de biblioteca BNGR
100 1# - ENTRADA PRINCIPAL--NOMBRE DE PERSONA
Nombre de persona Tamayo Vargas, Augusto,
Fechas asociadas al nombre 1941-
9 (RLIN) 13724
245 10 - MENCIÓN DE TÍTULO
Título Literatura peruana /
Mención de responsabilidad, etc. Augusto Tamayo Vargas.
260 ## - PUBLICACIÓN, DISTRIBUCIÓN, ETC.
Lugar de publicación, distribución, etc. Lima :
Nombre del editor, distribuidor, etc. PEISA,
Fecha de publicación, distribución, etc. c1992.
300 ## - DESCRIPCIÓN FÍSICA
Extensión 2 v. :
Otras características físicas il. ;
Dimensiones 25 cm.
505 0# - NOTA DE CONTENIDO CON FORMATO
Información miscelánea V.1.
Título Precolombina -- De la conquista y del clasicismo -- Barroquismo y neoclasicismo --
Información miscelánea v.2
Título De la emancipacion -- Costumbrismo y romanticismo -- Realismo y premodernismo -- Modernismo.
650 #4 - PUNTO DE ACCESO ADICIONAL DE MATERIA--TÉRMINO DE MATERIA
Término de materia o nombre geográfico como elemento de entrada Literatura peruana
Subdivisión general Historia y crítica
9 (RLIN) 13725
650 #4 - PUNTO DE ACCESO ADICIONAL DE MATERIA--TÉRMINO DE MATERIA
Término de materia o nombre geográfico como elemento de entrada Indígenas en la literatura
9 (RLIN) 13726
910 ## - DATOS DE OPCIÓN DEL USUARIO (OCLC)
Datos de opción del usuario Catalogación por copia / LC
910 ## - DATOS DE OPCIÓN DEL USUARIO (OCLC)
Datos de opción del usuario WM
Holdings
Estado de retiro Estado de pérdida Restricciones de uso No para préstamo Código de colección Localización permanente Ubicación/localización actual Ubicación en estantería Fecha de adquisición Número de inventario Total de préstamos Signatura topográfica completa Código de barras Fecha visto por última vez Precio válido a partir de Tipo de ítem Koha
    Préstamo interno   Monografías: Libros y Folletos General General Depósito 24.07.2009 LF1   Pe860.9 T153L | v.1 4713-10 25.06.2020 25.06.2020 Préstamo interno
    Préstamo interno   Monografías: Libros y Folletos General General Depósito 02.12.2009 LF1   Pe860.9 T153L | v.2 4713-20 25.06.2020 25.06.2020 Préstamo interno

Powered by Koha